000 00551nam a22001817a 4500
005 20251108165513.0
008 250721s1988 xx 000 0 ara d
082 1 4 _aم/811.9563/جعف
100 1 _aجعفر الحلي، أبو يحيى جعفر بن أحمد
245 1 0 _aسحر بابل و سجع البلابل /
250 _aط2
264 1 _aبيروت :
_bدار الأضواء،
_c1988.
300 _a496ص
650 1 7 _aالشعر الحديث
650 1 7 _aالعراقالشعر العربي
942 _2ddc
_cREF
999 _c29457
_d29457